पाठ्यक्रम: (Record no. 203980)
[ view plain ]
| 000 -LEADER | |
|---|---|
| fixed length control field | 01221nam a22002297a 4500 |
| 005 - DATE AND TIME OF LATEST TRANSACTION | |
| control field | 20240705110700.0 |
| 010 ## - LCCN (DPL NO) | |
| LC control number | HIN-127933 |
| 020 ## - INTERNATIONAL STANDARD BOOK NUMBER | |
| Terms of availability | 649.00 |
| International Standard Book Number | 9788193710098 |
| 035 ## - SYSTEM CONTROL NUMBER | |
| System control number | HN-100279 |
| 037 ## - SOURCE OF ACQUISITION | |
| Source of stock number/acquisition | DBAD |
| 082 ## - DEWEY DECIMAL CLASSIFICATION NUMBER | |
| Classification number | 370.1 |
| 245 ## - TITLE STATEMENT | |
| Title | पाठ्यक्रम: |
| Remainder of title | विकास एवं ज्ञान/ |
| Statement of responsibility, etc | दिव्या शर्मा, स्वाति श्रीवास्तव एवं रोली तिवारी द्वारा संपादित |
| 250 ## - EDITION STATEMENT | |
| Edition statement | 1 |
| 260 ## - PUBLICATION, DISTRIBUTION, ETC. (IMPRINT) | |
| Place of publication, distribution, etc | रायपुर (छत्तीसगढ़) |
| Name of publisher, distributor, etc | अदिति पब्लिकेशन |
| Date of publication, distribution, etc | 2024 |
| 270 ## - ADDRESS | |
| Address | न्यू पंचजन्य विद्या मंदिर के सामने, नियर तिरंगा चौक, कुशलपुर |
| City | रायपुर (छत्तीसगढ़) |
| Telephone number | 9425210308 |
| 300 ## - PHYSICAL DESCRIPTION | |
| Extent | 324पृ. |
| Dimensions | 20 सेमी. (अजिल्द) |
| 650 ## - SUBJECT ADDED ENTRY--TOPICAL TERM | |
| Topical term or geographic name as entry element | हिन्दी |
| 700 ## - ADDED ENTRY--PERSONAL NAME | |
| Personal name | शर्मा, दिव्या |
| 9 (RLIN) | 68180 |
| 700 ## - ADDED ENTRY--PERSONAL NAME | |
| Personal name | श्रीवास्तव, स्वाति |
| 9 (RLIN) | 68181 |
| 700 ## - ADDED ENTRY--PERSONAL NAME | |
| Personal name | तिवारी, रोली |
| 9 (RLIN) | 68184 |
| 942 ## - ADDED ENTRY ELEMENTS (KOHA) | |
| Source of classification or shelving scheme | Dewey Decimal Classification |
| Item type | Hindi Books |
| Classification part | 370.1 |
| Call number suffix | पाठ्य |
| Withdrawn status | Lost status | Not for loan | Collection code | Home library | Current library | Date acquired | Source of acquisition | Cost, normal purchase price | Full call number | Barcode | Copy number | Cost, replacement price | Koha item type |
|---|---|---|---|---|---|---|---|---|---|---|---|---|---|
| Non-fiction | Central Jail Tihar | Central Jail Tihar | 05/07/2024 | DBAD | 649.00 | 370.1 पाठ्य | HN-100279 | 1 | 649.00 | Hindi Books |
